Top-Grossing Animated Disney Movies by Letter - Statistics

General Stats
  • This quiz has been taken 144 times
    105 since last reset
  • The average score is 7 of 18
Answer Stats
Gross Answer % Correct
L 423 m The Lion King
71%
A 217 m Aladdin
70%
Z 341 m Zootopia
63%
T 201 m Tangled
59%
M 249 m Moana
56%
S 185 m Snow White and the Seven Dwarfs
56%
P 142 m Pocahontas
46%
F 477 m Frozen II
43%
W 189 m Wreck-It Ralph
39%
J 142 m The Jungle Book
36%
B 223 m Big Hero 6
26%
H 100 m The Hunchback of Notre Dame
24%
R 201 m Ralph Breaks the Internet
18%
C 135 m Chicken Little
16%
E 89 m The Emperor's New Groove
16%
G 39 m The Great Mouse Detective
11%
D 138 m Dinosaur
9%
O 145 m One Hundred and One Dalmations
8%
No matching quizzes found
Score Distribution
Percent of People with Each Score
Percentile by Number Answered
Your Score History
You have not taken this quiz since the last reset